00389nam a2200157Ia 4500008004100000020001800041245003300059245004200092260001500134260001600149260000900165300001400174300002500188300001000213500000800223170705s9999 xx 000 0 und d a9780440846802 aAnnie and the wild animals / cwritten and illustrated by Jan Brett. aNew York : bScholastic, c1985 aunpaged : bcolor illustration ; c24cm. a490